000 00833cam a2200229 a 4500
001 000019014
005 20260424133903.0
008 880317s1988 nyuacf 001 0 eng
020 _a1555840272
040 _aDO-SdBNP
_cDLC
_dDLC
_dBNPHU
082 _a347.305277
_bA374p
100 1 _aAlexander, Shana.
_940906
245 1 4 _aThe pizza connection :
_blawyers, money, drugs, mafia /
_cShana Alexander.
260 _aNew York :
_bWeidenfeld & Nicolson,
_cc1988.
300 _axviii, 442 p. :
_bil., retrs., lamin. ;
_c24 cm.
500 _aIncluye índice
500 _aIncluye cronología
600 1 4 _aBADALAMENTI, GAETANO
_xENSAYOS, CONFERENCIAS, ETC.
_940907
650 0 _aAbuso de drogas y crimen
_940908
650 4 _aCrímen organizado
_zNew York (Estados Unidos{Rpara}
_zNew York.
_940909
910 _aCatalogación derivada / LC
999 _c18532
_d18532